|
|
|
|
| LEADER |
00957nab#a2200313#ar4500 |
| 001 |
000072301 |
| 003 |
SVKKK |
| 005 |
20110222112530.0 |
| 008 |
080512d1914 xo |||||||||||||||b|hun |
| FMT |
|
|
|
| 038 |
|
|
|a SVKKK
|
| 040 |
|
|
|a SVKKK
|b slo
|e AACR2
|
| 041 |
0 |
|
|a hun
|
| 044 |
|
|
|a xo
|c SK
|
| 080 |
|
|
|a 77
|2 1997
|
| 242 |
1 |
0 |
|a V stredu večer filmové predstavenie-
|y slo
|
| 245 |
1 |
0 |
|a Szerdán este mozielőadás-
|
| 500 |
|
|
|a Popis z mikrofilmu
|
| 500 |
|
|
|a Dohľadanie
|
| 520 |
2 |
|
|a Inzerát ponúka filmovú drámu v troch dejstvách "A lelkész leánya" [Dcéra duchovného] v hlavnej úlohe s berlínskou herečkou Henry Portenovou
|
| 650 |
0 |
4 |
|a predstavenie filmové (A lelkész leánya [Dcéra duchovného])
|z Humenné (Slovensko)
|y 11.02.1914
|
| 773 |
0 |
|
|t Homonna és Vidéke : Hetilap
|g Roč. 14, č. 6 (08.02.1914) s. 3
|
| 957 |
|
|
|a Humenné
|
| 958 |
|
|
|a DG
|
| 958 |
|
|
|a HU
|
| 974 |
|
|
|a Ba
|
| 992 |
|
|
|a RBX
|
| BAS |
|
|
|
| 998 |
|
|
|a RETRO
|